000 00529nam a2200193Ia 4500
008 220531s9999 xx 000 0 und d
041 _aeng
082 _a572.8
_bMCK / MCK
100 _aMckee, T. / Mckee, J. R.
_968147
245 _aBiochemistry: The Molecular Basis Of Life
250 _a4th
260 _aNew York
_bOxford University Press
_c2009
300 _a777+I-15
542 _d27-11-2014
551 _aScience
_bUgc-SCI
650 _aBiochemistry
_968148
906 _d2014-2015
_f3760
999 _c38305
_d38305